| 000 -ლიდერი |
| ფიქსირებული სიგრძის საკონტროლო ველი |
01258nam a2200241Ia 4500 |
| 001 - საკონტროლო ნომერი |
| საკონტროლო ველი |
14087 |
| 003 - საკონტროლო ნომრის იდენტიფიკატორი |
| საკონტროლო ველი |
GE_BSU |
| 005 - ბოლო ოპერაციის თარიღი და დრო |
| საკონტროლო ველი |
20220211115507.0 |
| 008 - ფიქსირებული სიგრძის მონაცემთა ელემენტები - ზოგადი ინფორმაცია |
| ფიქსირებული სიგრძის საკონტროლო ველი |
181216s20132014ge |||||||||||||| ||geo|| |
| 020 ## - წიგნის საერთაშორისო სტანდარტული ნომერი |
| International Standard Book Number |
19879563 |
| 040 ## - კატალოგიზაციის წყარო |
| Transcribing agency |
GE_BSU |
| 041 ## - ენის კოდი |
| Language code of text/sound track or separate title |
geo |
| 080 ## - უნივერსალური ათობითი კლასიფიკაციის ინდექსი |
| Universal Decimal Classification number |
930.2(479.22)(093) ქ-27 |
| 245 ## - ცნობა სათაურის შესახებ |
| Title |
ქართული წყაროთმცოდნეობა= Georgian Source-Studies : |
| Remainder of title |
N15-16 / |
| Statement of responsibility, etc |
რედაქტორები: გიული ალასანია და მარიამ ჩხარტიშვილი. |
| 264 ## - წარმოების, გამოცემის, დისტრიბუციის და სხვა ცნობები |
| გამოცემის, წარმოების, დისტრიბუციის... ადგილი |
თბილისი : |
| გამოცემის, წარმოების, დისტრიბუციის... სახელწოდება |
უნივერსალი, |
| გამოცემის, წარმოების, დისტრიბუციის... თარიღი |
2013/2014. |
| 300 ## - ფიზიკური აღწერა |
| Extent |
349 გვ.: |
| Other physical details |
ილ.; |
| Dimensions |
29 სმ. |
| 500 ## - ზოგადი შენიშვნა |
| General note |
ტექსტი ქართულ, რუსულ და ინგლისურ ენებზე. |
| 653 ## - INDEX TERM--UNCONTROLLED |
| Uncontrolled term |
ქართული წყაროთმცოდნეობა |
| 700 ## - ADDED ENTRY--PERSONAL NAME |
| Personal name |
ალასანია, გიული |
| Relator term |
რედაქტორი |
| 9 (RLIN) |
13521 |
| 700 ## - ADDED ENTRY--PERSONAL NAME |
| Personal name |
ჩხარტიშვილი, მარიამ |
| Relator term |
რედაქტორი |
| 9 (RLIN) |
13522 |
| 856 ## - ELECTRONIC LOCATION AND ACCESS |
| Uniform Resource Identifier |
https://dspace.nplg.gov.ge/bitstream/1234/81518/1/Qartuli_Wkarotmcodneoba_2013-2014_N15-16.pdf |
| Link text |
ელ. ვერსია. pdf |
| 942 ## - ADDED ENTRY ELEMENTS (KOHA) |
| Koha item type |
წიგნი |
| Source of classification or shelving scheme |
|